Statistics for Rappers with ¨Lil¨ In their name

Click here to take the quiz!

General Stats

  • This quiz has been taken 1,333 times
  • The average score is 6 of 12

Answer Stats

#Answer% Correct
4Lil Wayne
84%
1Lil Pump
75%
8Lil Uzi-Vert
73%
11Lil Baby
72%
10Lil Peep
57%
7Lil Yachty
53%
2Lil Skies
43%
6Lil Mosey
42%
3Lil Xan
34%
5Lil Dicky
31%
9Lil Boosie
11%
12Lil Tracy
8%

Score Distribution

Percentile by Number Answered

Percent of People with Each Score

Your Score History

You have not taken this quiz